000 00427nam a2200169Ia 4500
008 101129t2005 xxu||||| |||| 00| 0 sin d
041 _asin
080 _aX8S1
_bSEK
100 _aSekara, Mahagama
245 _aහෙට ඉරක් පායයි
246 _aHeta Irak Payai
260 _bGodage
_aColombo
_c2005
300 _b130p., 18 cm
942 _cBK
999 _c77197
_d77197
003 LK-CoDNM
040 _aLK-CoDNM
_dLK-CoDNM
_eLK-CoDNM